000
00315nam a22001217a 4500
008
180426b xxu||||| |||| 00| 0 eng d
041
_a
eng
080
_a
043.3
100
_a
0
101
_a
SHKI-BTH
245
_a
Zhvillimi dhe monitorimi i projekteve të një kompanie nga JAVASCRIPT
_c
Topalli,V
942
_2
udc
_c
BK
999
_c
45583
_d
45583